Devon and Cornwall Surveyor News (Record no. 118938)

MARC details
000 -LEADER
fixed length control field 00614cas a22002055 4500
001 - CONTROL NUMBER
control field L138067
008 - FIXED-LENGTH DATA ELEMENTS--GENERAL INFORMATION
fixed length control field 070515c19992001xxkur p 0 a0eng u
035 ## - SYSTEM CONTROL NUMBER
System control number (Sirsi) u138067
041 0# - LANGUAGE CODE
Language code of text/sound track or separate title eng
110 2# - MAIN ENTRY--CORPORATE NAME
Corporate name or jurisdiction name as entry element Royal Institution of Chartered Surveyors
Subordinate unit Devon and Cornwall Branch
9 (RLIN) 5188
245 00 - TITLE STATEMENT
Title Devon and Cornwall Surveyor News
260 ## - PUBLICATION, DISTRIBUTION, ETC.
Place of publication, distribution, etc. Umberleigh (Devon)
Name of publisher, distributor, etc. RICS
Date of publication, distribution, etc. 1999-2001
362 0# - DATES OF PUBLICATION AND/OR SEQUENTIAL DESIGNATION
Dates of publication and/or sequential designation Late Spring 1999-Summer 2001
554 ## -
-- Unknown
651 #4 - SUBJECT ADDED ENTRY--GEOGRAPHIC NAME
Geographic name DEVON
651 #4 - SUBJECT ADDED ENTRY--GEOGRAPHIC NAME
Geographic name CORNWALL
690 ## - LOCAL SUBJECT ADDED ENTRY--TOPICAL TERM (OCLC, RLIN)
Topical term or geographic name as entry element MANAGEMENT-BUSINESS MANAGEMENT-PROFESSIONAL PRACTICE
780 00 - PRECEDING ENTRY
Title Your Local Newsletter
942 ## - ADDED ENTRY ELEMENTS (KOHA)
Suppress in OPAC 0
Holdings
Withdrawn status Lost status Source of classification or shelving scheme Damaged status Not for loan Home library Current library Shelving location Date acquired Total Checkouts Full call number Barcode Date last seen Price effective from Koha item type
    Dewey Decimal Classification     London London Gallery 15/05/2007   DEVON AND CORNWALL SURVEYOR NEWS 138067-1001 06/08/2019 06/08/2019 Journal